| 000 | 00957aam a2200337 4500 | ||
|---|---|---|---|
| 005 | 20241126130711.0 | ||
| 008 | 150721b xxu||||| |||| 00| 0 spa d | ||
| 041 | _aEspañol | ||
| 082 | _a658.311.24 B343s | ||
| 100 |
_aBauducco, Gabriel _916476 |
||
| 245 | _aSecretos de la entrevista: manual para periodistas | ||
| 260 |
_aMéxico _bTrillas _c2001 |
||
| 300 | _a229 páginas | ||
| 650 | _aADMINISTRACIÓN DEL PERSONAL | ||
| 650 | _aTIPOS DE ENTREVISTAS | ||
| 650 | _aTIPOS DE ENTREVISTA | ||
| 650 | _aCONFERENCIAS DE PRENSA | ||
| 650 | _aENCUESTAS | ||
| 650 | _aARCHIVO | ||
| 650 | _aTIPOS DE ENTREVISTADOS | ||
| 650 | _aLENGUAJE CORPORAL | ||
| 650 | _aPROCESO DURANTE LA ENTREVISTA | ||
| 650 | _aTIPOS DE PREGUNTAS | ||
| 650 | _aTRANSCRIBIR LA ENTREVISTA | ||
| 650 | _aPASAJE DE ESTILOS | ||
| 650 | _aAUDIOVISUALES | ||
| 650 | _aNEUROLINGUÍSTICA | ||
| 650 | _aMARCO LEGAL | ||
| 650 | _aERA AUDIOVISUAL | ||
| 942 |
_cBK _2ddc |
||
| 999 |
_c1998 _d1998 |
||